How I Met Your Mother(Türkçe) - Statistics

General Stats
  • This quiz has been taken 80 times
  • The average score is 11 of 20
Answer Stats
İpucu Cevap % Correct
Ted Ve Tracy'nin Şemsiyesinin Rengi Sarı
93%
Robin'in Evcil Hayvanları Köpek
84%
Ted'in Robin İçin Çaldığı Şey Mavi Fransız Kornosu
79%
Tracy, Ekipte İlk Kiminle Tanışmıştı Barney
78%
Efsa....Nevi Bekle
73%
Ted'in Sırtına Dövmesini Yaptırdığı Hayvan Kelebek
73%
Robin Meşhur Şarkısında Nereye Gitmemizi Söylüyor AVM
68%
Barın İsmi MacLaren's
66%
Şoförün Adı Ranjit
62%
Lily Ve Marshall'ın İlk Çocuğu Kimin Adını Alıyor Marshall'ın Babasının
58%
Ted Ve Barney Nerede Tanışmıştı Tuvalet
49%
Marshall'ın Memleketi Minnesota
40%
Robin Ve Diğerlerinin Ted İçin 1. Sıraya KoyduğuTed'in Eski Sevgilisi Victoria
38%
Lily Marshalldan Ayrıldığı Yaz Nereye Gitmişti San Fransisco
37%
Ted'in Arcadian Binasının Yıkılmasını EngellemeyeÇalışan Sevgilisi Zoey
37%
Ted'in Üniversitede YaptığıYayınlarda Kullandığı Takma Ad Doctor X
30%
Ted'in Hayatı Boyunca Yemediği, Son Sezonda İlk VeSon Kez 1 Tencere Yediği Yiyecek Pastırma
25%
Ted Ve Marshall'ın Favori Pizzacısının Olduğu Şehir Chicago
23%
Ted'in Şemsiyeyi Bulduğu Zaman Aziz Patrick Günü
21%
Ted Ve Barney'in Açmak İstediği Bar Bilmeceler
18%
No matching quizzes found
Score Distribution
Percent of People with Each Score
Percentile by Number Answered
Your Score History
You have not taken this quiz